| 000 | 00755nam a2200265Ia 4500 | ||
|---|---|---|---|
| 005 | 20260302115034.0 | ||
| 008 | 008 260114s9999 xx 000 0 eng d | ||
| 020 | _a9798400652134 | ||
| 037 | _aTextbook | ||
| 040 | _aCRL | ||
| 040 | _beng | ||
| 040 | _cCRL | ||
| 041 | _2eng | ||
| 041 | _aeng | ||
| 084 | _qCRL | ||
| 100 |
_aAnne E. Duggan Ph.D., Donald Haase Ph.D., Helen J. Callow _91120518 |
||
| 245 | 0 | _aFolktales and Fairy Tales Traditions and Texts from around the World [4 volumes] | |
| 260 | _bBloomsbury | ||
| 260 | _bGreenwood | ||
| 260 | _c2016 | ||
| 650 | _aLiterary Studies | ||
| 856 | _uhttps://doi.org/10.5040/9798400652134?locatt=label:secondary_bloomsburyCollections | ||
| 942 | _cEBOOK | ||
| 999 |
_c1684730 _d1684730 |
||